<?xml version="1.0" encoding="UTF-8"?>
<record
    xmlns:xsi="http://www.w3.org/2001/XMLSchema-instance"
    xsi:schemaLocation="http://www.loc.gov/MARC21/slim http://www.loc.gov/standards/marcxml/schema/MARC21slim.xsd"
    xmlns="http://www.loc.gov/MARC21/slim">

  <leader>01316nam a22002657a 4500</leader>
  <controlfield tag="005">20080814111036.0</controlfield>
  <controlfield tag="006">a|||||r|||||00| 0 </controlfield>
  <controlfield tag="008">080814t        xxu||||| |||| 00| 0 hin d</controlfield>
  <datafield tag="010" ind1=" " ind2=" ">
    <subfield code="a">HIN-83923</subfield>
  </datafield>
  <datafield tag="020" ind1=" " ind2=" ">
    <subfield code="a">8171640583</subfield>
    <subfield code="c">250.00</subfield>
  </datafield>
  <datafield tag="035" ind1=" " ind2=" ">
    <subfield code="a">HN-56269</subfield>
  </datafield>
  <datafield tag="037" ind1=" " ind2=" ">
    <subfield code="b">DBAD / PUB</subfield>
  </datafield>
  <datafield tag="040" ind1=" " ind2=" ">
    <subfield code="a">DPL</subfield>
    <subfield code="b">HN</subfield>
  </datafield>
  <datafield tag="082" ind1=" " ind2=" ">
    <subfield code="a">633.615</subfield>
  </datafield>
  <datafield tag="100" ind1=" " ind2=" ">
    <subfield code="a">&#x92F;&#x93E;&#x926;&#x935;, &#x930;&#x924;&#x928; &#x932;&#x93E;&#x932;</subfield>
  </datafield>
  <datafield tag="245" ind1=" " ind2=" ">
    <subfield code="a">&#x935;&#x948;&#x91C;&#x94D;&#x91E;&#x93E;&#x928;&#x93F;&#x915; &#x935;&#x93F;&#x927;&#x93F; &#x938;&#x947; &#x917;&#x928;&#x94D;&#x928;&#x947; &#x915;&#x940; &#x916;&#x947;&#x924;&#x940; /</subfield>
    <subfield code="c">&#x930;&#x924;&#x928; &#x932;&#x93E;&#x932; &#x92F;&#x93E;&#x926;&#x935;; &#x91C;&#x917;&#x926;&#x940;&#x92A; &#x938;&#x915;&#x94D;&#x938;&#x947;&#x928;&#x93E; &#x926;&#x94D;&#x935;&#x93E;&#x930;&#x93E; &#x938;&#x92E;&#x94D;&#x92A;&#x93E;&#x926;&#x93F;&#x924;</subfield>
  </datafield>
  <datafield tag="246" ind1=" " ind2=" ">
    <subfield code="a">Vaigyanik vidhi se ganne ki kheti</subfield>
    <subfield code="b">by Ratan Lal Yadav</subfield>
  </datafield>
  <datafield tag="260" ind1=" " ind2=" ">
    <subfield code="a">&#x928;&#x908; &#x926;&#x93F;&#x932;&#x94D;&#x932;&#x940;</subfield>
    <subfield code="b">&#x92D;&#x93E;&#x930;&#x924;&#x940;&#x92F; &#x915;&#x943;&#x937;&#x93F; &#x905;&#x928;&#x941;&#x938;&#x902;&#x927;&#x93E;&#x928; &#x92A;&#x930;&#x93F;&#x937;&#x926;</subfield>
    <subfield code="c">2007</subfield>
  </datafield>
  <datafield tag="300" ind1=" " ind2=" ">
    <subfield code="a">204&#x92A;&#x943;.</subfield>
    <subfield code="c">22&#x938;&#x947;&#x92E;&#x940;(&#x938;&#x91C;&#x93F;&#x932;&#x94D;&#x926;)</subfield>
  </datafield>
  <datafield tag="650" ind1=" " ind2=" ">
    <subfield code="a">&#x915;&#x943;&#x937;&#x93F;</subfield>
    <subfield code="x">&#x917;&#x928;&#x94D;&#x928;&#x93E;</subfield>
    <subfield code="x">&#x916;&#x947;&#x924;&#x940;</subfield>
  </datafield>
  <datafield tag="650" ind1=" " ind2=" ">
    <subfield code="a">Agriculture</subfield>
    <subfield code="x">Sugarcane</subfield>
    <subfield code="x">Cultivation</subfield>
  </datafield>
  <datafield tag="700" ind1=" " ind2=" ">
    <subfield code="a">  &#x938;&#x915;&#x94D;&#x938;&#x947;&#x928;&#x93E;, &#x91C;&#x917;&#x926;&#x940;&#x92A;</subfield>
  </datafield>
  <datafield tag="942" ind1=" " ind2=" ">
    <subfield code="2">ddc</subfield>
    <subfield code="c">HN</subfield>
    <subfield code="h">633.615</subfield>
    <subfield code="m">&#x92F;&#x93C;&#x93E;&#x926;&#x935;</subfield>
  </datafield>
  <datafield tag="999" ind1=" " ind2=" ">
    <subfield code="c">14850</subfield>
    <subfield code="d">14850</subfield>
  </datafield>
  <datafield tag="952" ind1=" " ind2=" ">
    <subfield code="0">0</subfield>
    <subfield code="1">0</subfield>
    <subfield code="4">0</subfield>
    <subfield code="7">1</subfield>
    <subfield code="8">NFIC</subfield>
    <subfield code="a">DBAD</subfield>
    <subfield code="b">DBAD</subfield>
    <subfield code="d">2008-08-14</subfield>
    <subfield code="e">DBAD / PUB</subfield>
    <subfield code="g">250.00</subfield>
    <subfield code="l">0</subfield>
    <subfield code="o">633.615 &#xC3;&#xA0;&#xC2;&#xA5;&#xC2;&#x9F;&#xC3;&#xA0;&#xC2;&#xA4;&#xC2;&#xBE;&#xC3;&#xA0;&#xC2;&#xA4;&#xC2;&#xA6;&#xC3;&#xA0;&#xC2;&#xA4;</subfield>
    <subfield code="p">HN-56269</subfield>
    <subfield code="r">2008-09-15 00:00:00</subfield>
    <subfield code="t">1</subfield>
    <subfield code="v">250.00</subfield>
    <subfield code="w">2008-09-15</subfield>
    <subfield code="y">HN</subfield>
  </datafield>
</record>
